Sistema Financiero Colombiano

Detalles Bibliográficos
Autor principal: Baena Toro, Diego
Otros Autores: Hoyos Walteros, Hernǹ
Formato: Desconocido
Lenguaje:español
Publicado: Bogot ̀: ECOE, 2012
Materias:
Acceso en línea:http://www.vlex.com/source/6868

MARC

LEADER 00000 a2200000 4500
005 20130121161025.0
007 cr|||| ||||
008 130121e2012 ck |||||s|||| 00||0 spa d
020 |a 9586485625 
035 |a 6868 
040 |a vLex 
090 |c 3563  |d 3563 
100 1 0 |a Baena Toro, Diego 
245 1 0 |a Sistema Financiero Colombiano  |h [Recurso electrn̤ico] 
256 |a Servicio en ln̕ea 
260 |a Bogot ̀:  |b ECOE,   |c 2012  
300 |a 1 Recurso electrn̤ico 
650 0 4 |a Derecho tributario  |z Colombia 
650 0 4 |a Banca y finanzas  |z Colombia 
700 1 0 |a Hoyos Walteros, Hernǹ 
740 |a vLex Libros (Servicio en ln̕ea) 
856 |a Acceso restringido  |u http://www.vlex.com/source/6868 
942 |c BOOK 
999 0 |a Taxation